000 00421nam a22001337a 4500
003 SGT
020 _a9789384304041
082 _a891.4309
_bJ15Y
100 _a यादव, अभिषेक कुमार
245 _a झारखण्ड : अँधेरे से साक्षात्कार
260 _b मीडिया स्टडीज ग्रुप
_c2015
300 _a168
942 _2ddc
_cBK
999 _c31233
_d31233